000 00373nam a2200145Ia 4500
008 230817s2009 xx 000 0 und d
041 _aeng
082 _a34301/RED
100 _aReddi Padala Rama
245 _aThe Criminal Procedure Code 1973
250 _a10th Ed
260 _aHyderabad
_bAsia Law House
_c2009
300 _a441p
650 _aCRIMINAL PROCEDURE CODE
999 _c851565
_d851565